| 000 | 01254nam a2200229Ia 4500 | ||
|---|---|---|---|
| 001 | L942-43505 | ||
| 003 | IT-CnALBA | ||
| 008 | 170116s9999||||xx |||||||||||||| ||und|| | ||
| 040 |
_aIT-CnALBA _cIT-CnALBA |
||
| 041 | _aITALIANO | ||
| 100 | _aPALOSCIA ANNIBALE | ||
| 245 | 0 | _aSTORIA SAFFICA DI LUCISTELLA. DI UN GIORNALISTA INGLESE, DI UN UFFICIALE EVIRATO E DI UNA TARANTOLA. | |
| 250 | _a1a ed. | ||
| 260 |
_a LECCE _bMANNI PIETRO EDITORE _c1998 [1° Ed.:1998 - Ed.Ling.Originale: 1998] |
||
| 300 | _a167 p. | ||
| 500 | _aDA UN EPISTOLARIO DELL'OTTOCENTO. VOCE E CUORE. BELLEZZA DELL'ITALIA SEMPRE PREFERITA. VENDETTA, CONSIGLI DI MENEGHINO. MAGGI C.M. CANTILENA DI DEVOZIONE. PENSIERO SADICO, TI VOGLIO MORTO IN OGNI CASO. PRESENTE E PASSATO REMOTO. FUOCO IN GROTTA DI GHIACCI | ||
| 501 | _aSocietà San Paolo EM - Piazza San Paolo, 14 - 12051 ALBA (CN) (non commercial uses only) ® Copyright 2017 | ||
| 520 | _aDA UN EPISTOLARIO DELL'OTTOCENTO. VOCE E CUORE. BELLEZZA DELL'ITALIA SEMPRE PREFERITA. VENDETTA, CONSIGLI DI MENEGHINO. MAGGI C.M. CANTILENA DI DEVOZIONE. PENSIERO SADICO, TI VOGLIO MORTO IN OGNI CASO. PRESENTE E PASSATO REMOTO. FUOCO IN GROTTA DI GHIACCI | ||
| 650 | _aSTORIA MODERNA | ||
| 942 | _cBK | ||
| 957 | _71 | ||
| 999 |
_a48897 _bNO _g Copie: 1 _c302471 _d302471 |
||